Promoting peace with information : (Record no. 15386)

000 -LEADER
fixed length control field 01508cam a2200361 a 4500
001 - CONTROL NUMBER
control field 14610430
005 - DATE AND TIME OF LATEST TRANSACTION
control field 20170105102916.0
008 - FIXED-LENGTH DATA ELEMENTS--GENERAL INFORMATION
fixed length control field 061025s2007 nju b 001 0 eng
010 ## - LIBRARY OF CONGRESS CONTROL NUMBER
LC control number 2006035857
015 ## - NATIONAL BIBLIOGRAPHY NUMBER
National bibliography number GBA724236
Source bnb
016 7# - NATIONAL BIBLIOGRAPHIC AGENCY CONTROL NUMBER
Record control number 013704420
Source Uk
020 ## - INTERNATIONAL STANDARD BOOK NUMBER
International Standard Book Number 9780691129433 (hardback : alk. paper)
020 ## - INTERNATIONAL STANDARD BOOK NUMBER
International Standard Book Number 0691129436 (hardback : alk. paper)
035 ## - SYSTEM CONTROL NUMBER
System control number (OCoLC)ocm74915818
035 ## - SYSTEM CONTROL NUMBER
System control number (OCoLC)74915818
040 ## - CATALOGING SOURCE
Original cataloging agency DLC
Transcribing agency DLC
Modifying agency BAKER
-- BTCTA
-- UKM
-- C#P
-- YDXCP
-- IAY
-- DLC
050 00 - LIBRARY OF CONGRESS CALL NUMBER
Classification number JC598
Item number .L56 2007
082 00 - DEWEY DECIMAL CLASSIFICATION NUMBER
Classification number 352.8/8
Edition number 22
100 1# - MAIN ENTRY--PERSONAL NAME
Personal name Lindley, Dan,
Dates associated with a name 1961-
245 10 - TITLE STATEMENT
Title Promoting peace with information :
Remainder of title transparency as a tool of security regimes /
Statement of responsibility, etc. Dan Lindley.
260 ## - PUBLICATION, DISTRIBUTION, ETC.
Place of publication, distribution, etc. Princeton :
Name of publisher, distributor, etc. Princeton University Press,
Date of publication, distribution, etc. c2007.
300 ## - PHYSICAL DESCRIPTION
Extent xiv, 280 p. ;
Dimensions 24 cm.
504 ## - BIBLIOGRAPHY, ETC. NOTE
Bibliography, etc. note Includes bibliographical references (p. [237]-268) and index.
650 #0 - SUBJECT ADDED ENTRY--TOPICAL TERM
Topical term or geographic name entry element Transparency in government.
650 #0 - SUBJECT ADDED ENTRY--TOPICAL TERM
Topical term or geographic name entry element Peace-building.
650 #0 - SUBJECT ADDED ENTRY--TOPICAL TERM
Topical term or geographic name entry element International agencies.
856 41 - ELECTRONIC LOCATION AND ACCESS
Materials specified Table of contents only
Uniform Resource Identifier <a href="http://www.loc.gov/catdir/toc/ecip074/2006035857.html">http://www.loc.gov/catdir/toc/ecip074/2006035857.html</a>
856 42 - ELECTRONIC LOCATION AND ACCESS
Materials specified Publisher description
Uniform Resource Identifier <a href="http://www.loc.gov/catdir/enhancements/fy0704/2006035857-d.html">http://www.loc.gov/catdir/enhancements/fy0704/2006035857-d.html</a>
856 42 - ELECTRONIC LOCATION AND ACCESS
Materials specified Contributor biographical information
Uniform Resource Identifier <a href="http://www.loc.gov/catdir/enhancements/fy0734/2006035857-b.html">http://www.loc.gov/catdir/enhancements/fy0734/2006035857-b.html</a>
906 ## - LOCAL DATA ELEMENT F, LDF (RLIN)
a 7
b cbc
c orignew
d 1
e ecip
f 20
g y-gencatlg
942 ## - ADDED ENTRY ELEMENTS (KOHA)
Source of classification or shelving scheme
Koha item type Book
Holdings
Withdrawn status Lost status Damaged status Not for loan Collection code Permanent Location Current Location Shelving location Date acquired Total Checkouts Full call number Barcode Date last seen Price effective from Koha item type
          Centre for International Peace & Stability (CIPS) Centre for International Peace & Stability (CIPS) General Stacks 08/01/2013   352.88 LIN 2007 CIPS0000120 11/29/2013 11/29/2013 Book
          Centre for International Peace & Stability (CIPS) Centre for International Peace & Stability (CIPS) General Stacks 09/13/2013   352.88 LIN 2007 CIPS0002518 07/09/2014 01/05/2017 Book
          Centre for International Peace & Stability (CIPS) Centre for International Peace & Stability (CIPS) General Stacks 09/13/2013   352.88 LIN 2007 CIPS0002515 08/08/2014 08/08/2014 Book
          Centre for International Peace & Stability (CIPS) Centre for International Peace & Stability (CIPS) General Stacks 09/13/2013   352.88 LIN 2007 CIPS0002516 08/08/2014 08/08/2014 Book
          Centre for International Peace & Stability (CIPS) Centre for International Peace & Stability (CIPS) General Stacks 09/13/2013   352.88 LIN 2007 CIPS0002517 08/08/2014 08/08/2014 Book
© 2023 Central Library, National University of Sciences and Technology. All Rights Reserved.